[Event "Salekhard-ch"]
[Site "Salekhard"]
[Date "2015.01.30"]
[Round "5"]
[White "Kibenko, Eduard"]
[Black "Kolesov , Vladimir"]
[Result "1-0"]
[WhiteElo "1400"]
[BlackElo "1358"]
[PlyCount "83"]
[EventDate "2015.01.23"]
[EventType "swiss"]
[EventRounds "9"]
[EventCountry "RUS"]
[SourceTitle "CBM 164 Extra"]
[Source "ChessBase"]
[SourceDate "2015.03.02"]
[SourceVersion "1"]
[SourceVersionDate "2015.03.02"]
[SourceQuality "1"]

1. e4 e5 2. Nf3 d6 3. d4 exd4 4. Nxd4 c5 5. Nf3 a6 6. Bc4 h6 7. e5 Nc6 8. Bf4 Qe7 9. Qxd6 Bf5 10. Qxe7+ Ngxe7 11. c3 Ng6 12. Bg3 Be7 13. 0-0 Bg4 14. Nbd2 0-0 15. Rfe1 Kh8 16. h3 Bf5 17. e6 f6 18. Bh2 Rad8 19. Re3 Bd6 20. g4 Bxh2+ 21. Kxh2 Bc2 22. b3 b5 23. Rc1 bxc4 24. Rxc2 cxb3 25. axb3 Rfe8 26. Kg3 Rd6 27. Nc4 Rdxe6 28. Rce2 Rxe3 29. Rxe3 Rxe3 30. fxe3 Nge5 31. Nfxe5 fxe5 32. Kf3 Kh7 33. Ke4 Kg6 34. Nxe5+ Nxe5 35. Kxe5 Kg5 36. Ke6 Kh4 37. e4 Kxh3 38. Kf7 Kxg4 39. e5 h5 40. e6 h4 41. e7 h3 42. e8Q 1-0

[Event "Salekhard-ch"]
[Site "Salekhard"]
[Date "2015.01.28"]
[Round "1"]
[White "Kibenko, Eduard"]
[Black "Maraktanov, Andrey"]
[Result "0-1"]
[WhiteElo "1400"]
[BlackElo "1760"]
[PlyCount "82"]
[EventDate "2015.01.23"]
[EventType "swiss"]
[EventRounds "9"]
[EventCountry "RUS"]
[SourceTitle "CBM 164 Extra"]
[Source "ChessBase"]
[SourceDate "2015.03.02"]
[SourceVersion "1"]
[SourceVersionDate "2015.03.02"]
[SourceQuality "1"]

1. e4 c5 2. Nf3 g6 3. Nc3 Nc6 4. d4 cxd4 5. Nxd4 Bg7 6. Be3 Nf6 7. e5 Nxe5 8. Bf4 Nc6 9. Ncb5 d6 10. Bc4 Nxd4 11. Qxd4 a6 12. Nc3 0-0 13. Qe3 b5 14. Bd5 Nxd5 15. Nxd5 Bb7 16. Qd2 Rc8 17. c3 Rc5 18. Ne3 g5 19. Bg3 f5 20. f4 e5 21. b4 Rc8 22. Nd5 exf4 23. Bf2 Qe8+ 24. Kd1 Qe4 25. Nb6 Bxc3 26. Qe2 Qxe2+ 27. Kxe2 Rce8+ 28. Kd3 Bxa1 29. Rxa1 Bxg2 30. Rg1 Be4+ 31. Kd4 g4 32. h3 g3 33. Be1 d5 34. Bd2 Rf6 35. Nd7 Rc6 36. Nc5 Kf7 37. Bxf4 g2 38. a3 h5 39. Bh2 Kg6 40. Nxe4 dxe4 41. Rxg2+ Kf7 0-1